Linear multivariable control : A geometric approach

Αποθηκεύτηκε σε:
Λεπτομέρειες βιβλιογραφικής εγγραφής
Κύριος συγγραφέας: Wonham, W. Murray 1934-
Μορφή: Βιβλίο
Γλώσσα:English
Δημοσίευση: New York : Springer-Verlag, c1979
Έκδοση:2d ed
Σειρά:Applications of mathematics ; ; 10
Θέματα:
Ετικέτες: Προσθήκη ετικέτας
Δεν υπάρχουν, Καταχωρήστε ετικέτα πρώτοι!

MARC

LEADER 00000cam a2200000 i 4500
001 1/30500
008 941103s1979 eng d
020 |a 0387903542 
035 |l 10038585 
035 |a 1990  |c ΔΩΡΕΑ 
040 |a GR-MY-UA  |b gre  |e aacr 
041 0 |a eng 
082 0 |a 629.8312  |2 (20) 
100 1 |a Wonham, W. Murray  |d 1934- 
245 1 0 |a Linear multivariable control :  |b A geometric approach /  |c W. Murray Wonham 
250 |a 2d ed 
260 |a New York :   |b Springer-Verlag,   |c c1979 
300 |a xv, 326 p.;  |b ill.;  |c 25 cm 
490 1 |a Applications of mathematics  |v ; 10 
500 |a Includes indexes 
504 |a Bibliography: p. 305-316 
650 0 0 |a Control theory. 
650 0 0 |a Algebras, Linear. 
830 0 |a Applications of mathematics ;  |v ; 10 
852 |a INST  |b SAMOS  |e 19941103  |h 629.8312 WON  |p 005300002589  |q 005300002589  |t BK  |y 0 
909 |a Σ  |b 018427